[Event "Calvia Amateur op 19th"]
[Site "Calvia"]
[Date "2022.10.16"]
[Round "9"]
[White "Svensson, Mikael"]
[Black "Martel Bruniaux, Malko"]
[Result "1/2-1/2"]
[WhiteElo "2129"]
[BlackElo "1977"]
[PlyCount "48"]
[EventDate "2022.10.08"]
[EventType "swiss"]
[EventRounds "9"]
[EventCountry "ESP"]
[SourceTitle "CBM 210 Extra"]
[Source "ChessBase"]
[SourceDate "2022.11.30"]
[SourceVersion "1"]
[SourceVersionDate "2022.11.30"]
[SourceQuality "1"]

1. d4 d5 2. e3 Nf6 3. Bd3 c5 4. c3 Nc6 5. f4 Bg4 6. Nf3 e6 7. 0-0 Bd6 8. Qe1 Bf5 9. Qe2 Bxd3 10. Qxd3 0-0 11. Ne5 Ne4 12. Nd2 Nxd2 13. Bxd2 f6 14. Nf3 Qc7 15. Rac1 c4 16. Qe2 e5 17. e4 dxe4 18. Qxc4+ Qf7 19. Qxf7+ Rxf7 20. fxe5 fxe5 21. Ng5 Rxf1+ 22. Rxf1 exd4 23. Nxe4 dxc3 24. Bxc3 Be5 1/2-1/2

[Event "Calvia Amateur op 19th"]
[Site "Calvia"]
[Date "2022.10.14"]
[Round "7"]
[White "Martel Bruniaux, Malko"]
[Black "Jekabsons, Ivars"]
[Result "1-0"]
[WhiteElo "1977"]
[BlackElo "2120"]
[PlyCount "77"]
[EventDate "2022.10.08"]
[EventType "swiss"]
[EventRounds "9"]
[EventCountry "ESP"]
[SourceTitle "CBM 210 Extra"]
[Source "ChessBase"]
[SourceDate "2022.11.30"]
[SourceVersion "1"]
[SourceVersionDate "2022.11.30"]
[SourceQuality "1"]

1. d4 Nf6 2. c4 g6 3. Nc3 Bg7 4. Nf3 0-0 5. Bg5 c5 6. d5 d6 7. e3 h6 8. Bh4 g5 9. Bg3 Nh5 10. Nd2 Nxg3 11. hxg3 Bf5 12. g4 Bg6 13. Be2 Na6 14. a3 Nc7 15. Nf1 e6 16. Ng3 Qe7 17. Bd3 exd5 18. cxd5 Qe5 19. Qc2 Nxd5 20. Bxg6 Nxc3 21. Bh7+ Kh8 22. bxc3 Qxc3+ 23. Ke2 Qxc2+ 24. Bxc2 Bxa1 25. Rxa1 Rfe8 26. Bb3 Re5 27. Nf5 d5 28. Nxh6 Kg7 29. Nf5+ Kf6 30. Rh1 Rxf5 31. gxf5 c4 32. Bc2 b5 33. Kd2 Ke5 34. Kc3 a5 35. Rb1 Rb8 36. Ba4 b4+ 37. axb4 axb4+ 38. Rxb4 Rh8 39. g4 1-0

[Event "Calvia Amateur op 19th"]
[Site "Calvia"]
[Date "2022.10.13"]
[Round "6"]
[White "Tiktin, Dor"]
[Black "Martel Bruniaux, Malko"]
[Result "0-1"]
[WhiteElo "1784"]
[BlackElo "1977"]
[PlyCount "92"]
[EventDate "2022.10.08"]
[EventType "swiss"]
[EventRounds "9"]
[EventCountry "ESP"]
[SourceTitle "CBM 210 Extra"]
[Source "ChessBase"]
[SourceDate "2022.11.30"]
[SourceVersion "1"]
[SourceVersionDate "2022.11.30"]
[SourceQuality "1"]

1. e4 c5 2. Nc3 Nc6 3. Nf3 e5 4. Bc4 Be7 5. d3 d6 6. h3 Nf6 7. 0-0 0-0 8. Be3 a6 9. a4 Nd4 10. Nd5 Be6 11. c3 Nxf3+ 12. Qxf3 Nxd5 13. Bxd5 Bxd5 14. exd5 f5 15. c4 g6 16. Rab1 a5 17. Bd2 Bg5 18. Bc3 Qd7 19. b3 b6 20. Rbe1 Rae8 21. Re2 f4 22. Re4 h5 23. Kh1 Kg7 24. Rg1 Rh8 25. Kh2 Ref8 26. Rge1 Bf6 27. g3 g5 28. gxf4 gxf4 29. Rg1+ Kf7 30. Rg2 Qf5 31. Re1 Rfg8 32. Reg1 Rxg2+ 33. Rxg2 Bh4 34. Kg1 Re8 35. Kf1 Re7 36. Bd2 Re8 37. Ke2 Bf6 38. Kd1 e4 39. Qxf4 Qxh3 40. Qg3 Qf5 41. Qf4 Qxf4 42. Bxf4 exd3 43. Bxd6 Bc3 44. Rg1 d2 45. Bh2 Re1+ 46. Kc2 d1Q+ 0-1

[Event "ESP-ch U14"]
[Site "Salobrena"]
[Date "2021.07.16"]
[Round "8"]
[White "Martel Bruniaux, Malko"]
[Black "Romeu Viladot, Emili"]
[Result "1/2-1/2"]
[WhiteElo "1583"]
[BlackElo "1758"]
[PlyCount "108"]
[EventDate "2021.07.12"]
[EventType "swiss"]
[EventRounds "9"]
[EventCountry "ESP"]
[SourceTitle "EXT 2022"]
[Source "ChessBase"]
[SourceDate "2021.10.06"]
[SourceVersion "1"]
[SourceVersionDate "2021.10.06"]
[SourceQuality "1"]

1. d4 Nf6 2. Nf3 e6 3. c4 Bb4+ 4. Bd2 Qe7 5. g3 Nc6 6. Bg2 0-0 7. 0-0 Bxd2 8. Nbxd2 d6 9. Rb1 a5 10. b3 e5 11. d5 Nb8 12. e4 Bg4 13. Qc2 c6 14. a3 cxd5 15. exd5 Rc8 16. h3 Bd7 17. Ne1 b5 18. Nd3 Na6 19. Rfe1 Nc5 20. Nxc5 Rxc5 21. Qd3 g6 22. Qe2 Bf5 23. Rb2 Rb8 24. Nb1 bxc4 25. bxc4 Rxb2 26. Qxb2 Rxc4 27. g4 Bd7 28. Nd2 Rc8 29. f4 Re8 30. Nc4 e4 31. g5 Nh5 32. Rxe4 Qf8 33. Qb6 Rxe4 34. Bxe4 Nxf4 35. Qc7 Nxh3+ 36. Kh1 Nxg5 37. Nxd6 Qh6+ 38. Kg1 Nxe4 39. Nxe4 Qe3+ 40. Kh2 Qxe4 41. Qxd7 Qf4+ 42. Kh1 Qf3+ 43. Kg1 Qxa3 44. d6 Qe3+ 45. Kg2 Kg7 46. Qe7 Qd2+ 47. Kg1 Qd4+ 48. Kg2 Qc5 49. Qc7 Qd5+ 50. Kg1 Qd4+ 51. Kg2 Qe4+ 52. Kg1 Qe1+ 53. Kg2 Qe4+ 54. Kg1 Qg4+ 1/2-1/2

[Event "ESP-ch U14"]
[Site "Salobrena"]
[Date "2021.07.13"]
[Round "3"]
[White "Villa Tornero, Alex"]
[Black "Martel Bruniaux, Malko"]
[Result "1/2-1/2"]
[WhiteElo "1804"]
[BlackElo "1583"]
[PlyCount "145"]
[EventDate "2021.07.12"]
[EventType "swiss"]
[EventRounds "9"]
[EventCountry "ESP"]
[SourceTitle "EXT 2022"]
[Source "ChessBase"]
[SourceDate "2021.10.06"]
[SourceVersion "1"]
[SourceVersionDate "2021.10.06"]
[SourceQuality "1"]

1. e4 c5 2. Nf3 Nc6 3. d4 cxd4 4. Nxd4 Nf6 5. Nc3 e5 6. Nb3 Bb4 7. Bc4 Bxc3+ 8. bxc3 d6 9. 0-0 0-0 10. Qd3 h6 11. Ba3 Re8 12. Rad1 Bg4 13. f3 Qb6+ 14. Kh1 Be6 15. Bxd6 Rad8 16. Qe2 Bxc4 17. Qxc4 Rc8 18. Qa4 Nb8 19. Bxb8 Rxb8 20. c4 Rbc8 21. c5 Qc7 22. Qxa7 Ra8 23. Qb6 Qxb6 24. cxb6 Rec8 25. Ra1 Rxc2 26. a4 Rb2 27. Rfb1 Rxb1+ 28. Rxb1 Rxa4 29. Nc5 Rc4 30. Nxb7 Nd7 31. Na5 Rc5 32. h3 Rxa5 33. b7 Ra7 34. b8Q+ Nxb8 35. Rxb8+ Kh7 36. Kh2 h5 37. Kg3 g6 38. Re8 f6 39. Kh4 Kg7 40. Rb8 Rd7 41. g4 hxg4 42. Kxg4 Rf7 43. Rb6 Kh6 44. Re6 Kg7 45. h4 Kh6 46. Re8 Kg7 47. h5 gxh5+ 48. Kxh5 f5 49. Kg5 fxe4 50. fxe4 Ra7 51. Rxe5 Kf7 52. Kf5 Ra6 53. Rb5 Ke7 54. Rb7+ Ke8 55. Rg7 Ra5+ 56. Kf4 Ra6 57. Rb7 Rc6 58. Ke5 Ra6 59. Kd5 Rh6 60. Rc7 Rh5+ 61. e5 Rh6 62. Rc6 Rxc6 63. Kxc6 Ke7 64. Kc5 Ke6 65. Kd4 Ke7 66. Kd5 Kd7 67. e6+ Ke7 68. Ke5 Ke8 69. Ke4 Ke7 70. Kd5 Ke8 71. Kd6 Kd8 72. e7+ Ke8 73. Ke6 1/2-1/2

[Event "ESP-ch U12"]
[Site "Salobrena"]
[Date "2020.07.31"]
[Round "7"]
[White "Ferre Cebrian, Guifre"]
[Black "Martel Bruniaux, Malko"]
[Result "0-1"]
[WhiteElo "1451"]
[BlackElo "1598"]
[PlyCount "50"]
[EventDate "2020.07.27"]
[EventType "swiss"]
[EventRounds "9"]
[EventCountry "ESP"]
[SourceTitle "EXT 2021"]
[Source "ChessBase"]
[SourceDate "2020.10.23"]
[SourceVersion "1"]
[SourceVersionDate "2020.10.23"]
[SourceQuality "1"]

1. e4 c5 2. Nf3 e6 3. d4 cxd4 4. Nxd4 Nc6 5. Nc3 Qc7 6. Be3 Nf6 7. f4 d6 8. Qf3 a6 9. 0-0-0 Be7 10. g4 Nd7 11. g5 b5 12. f5 Nde5 13. Qh5 g6 14. fxg6 Nxg6 15. Qf3 b4 16. Nce2 Nge5 17. Qg3 Bb7 18. Bg2 Rc8 19. Kb1 Na5 20. b3 Nec6 21. Bc1 Nxd4 22. Nxd4 e5 23. Nf5 Qxc2+ 24. Ka1 Rc3 25. Qg4 Rxb3 0-1

[Event "ESP-ch U12"]
[Site "Salobrena"]
[Date "2020.07.29"]
[Round "4"]
[White "Martel Bruniaux, Malko"]
[Black "Martino Girones, Gonzalo"]
[Result "0-1"]
[WhiteElo "1598"]
[BlackElo "1312"]
[PlyCount "104"]
[EventDate "2020.07.27"]
[EventType "swiss"]
[EventRounds "9"]
[EventCountry "ESP"]
[SourceTitle "EXT 2021"]
[Source "ChessBase"]
[SourceDate "2020.10.23"]
[SourceVersion "1"]
[SourceVersionDate "2020.10.23"]
[SourceQuality "1"]

1. d4 d5 2. Nf3 e6 3. c4 c6 4. Qc2 Bd6 5. g3 Nd7 6. Bg2 Ngf6 7. 0-0 0-0 8. b3 Re8 9. Nc3 Qe7 10. Bb2 h6 11. e4 dxe4 12. Nxe4 Nxe4 13. Qxe4 Nf6 14. Qe2 Qc7 15. Bc3 Bd7 16. Rad1 Rad8 17. Rfe1 Bc8 18. Ne5 c5 19. dxc5 Bxc5 20. Nd3 Be7 21. Ne5 Rxd1 22. Rxd1 Rd8 23. Rxd8+ Qxd8 24. Qd3 Qc7 25. b4 Nd7 26. Ng4 h5 27. Ne3 Ne5 28. Qe2 Bf6 29. Bb2 Nd7 30. Bxf6 Nxf6 31. Qd2 b6 32. Qd4 Bb7 33. Qf4 Qxf4 34. gxf4 Bxg2 35. Kxg2 Kf8 36. Kf3 Ke7 37. Ke2 Kd6 38. Kd3 Nd7 39. f3 g6 40. h4 f6 41. a4 e5 42. f5 g5 43. Ng2 gxh4 44. Nxh4 a5 45. bxa5 bxa5 46. Ng6 Nc5+ 47. Kc2 Nxa4 48. f4 exf4 49. Nxf4 h4 50. Kb3 Nb6 51. Nd3 Nd7 52. Ka4 Nc5+ 0-1

[Event "ESP-ch U12"]
[Site "Salobrena"]
[Date "2020.07.27"]
[Round "1"]
[White "Oubina Pazos, Ricardo"]
[Black "Martel Bruniaux, Malko"]
[Result "0-1"]
[WhiteElo "1221"]
[BlackElo "1598"]
[PlyCount "92"]
[EventDate "2020.07.27"]
[EventType "swiss"]
[EventRounds "9"]
[EventCountry "ESP"]
[SourceTitle "EXT 2021"]
[Source "ChessBase"]
[SourceDate "2020.10.23"]
[SourceVersion "1"]
[SourceVersionDate "2020.10.23"]
[SourceQuality "1"]

1. d4 Nf6 2. c4 c5 3. e3 cxd4 4. exd4 g6 5. Nf3 Bg7 6. Nc3 0-0 7. Bf4 Re8 8. Be2 d6 9. 0-0 Nfd7 10. Qd2 Nc6 11. Be3 Kh8 12. Bh6 e5 13. d5 Ne7 14. Ne4 Bxh6 15. Qxh6 Nf5 16. Qh3 Nf8 17. Nfg5 Kg7 18. Qa3 Nd4 19. Bd3 Bd7 20. Nxf7 Kxf7 21. Nxd6+ Kg8 22. Nxe8 Bxe8 23. Rfe1 Qg5 24. Re3 a6 25. Qd6 Rd8 26. Qxe5 Nf3+ 27. Rxf3 Qxe5 28. Rb1 Bd7 29. b3 Bf5 30. Bxf5 gxf5 31. Rd1 Ng6 32. Re3 Qf6 33. Re6 Qf7 34. g3 Re8 35. Rde1 Rxe6 36. Rxe6 f4 37. g4 f3 38. h3 Nf4 39. Re3 Nxh3+ 40. Kf1 Qf6 41. Re8+ Kg7 42. Re3 Ng5 43. Re8 Qh6 44. Ke1 Ne4 45. Re7+ Kf8 46. Rxe4 Qc1# 0-1

[Event "Ship Zenith op 8th"]
[Site "Ship Zenith"]
[Date "2019.11.15"]
[Round "8.7"]
[White "Munoz Prior, Marcelo"]
[Black "Martel Bruniaux, Malko"]
[Result "1/2-1/2"]
[WhiteElo "1479"]
[BlackElo "1543"]
[PlyCount "30"]
[EventDate "2019.11.09"]
[EventType "swiss"]
[EventRounds "8"]
[EventCountry "ESP"]
[SourceTitle "EXT 2024"]
[Source "ChessBase"]
[SourceDate "2023.10.10"]
[SourceVersion "1"]
[SourceVersionDate "2023.10.10"]
[SourceQuality "1"]

1. d4 Nf6 2. Nf3 g6 3. g3 Bg7 4. Bg2 0-0 5. 0-0 d6 6. c4 c5 7. Nc3 cxd4 8. Nxd4 Nc6 9. Nc2 Qa5 10. h3 Qh5 11. e4 Qxd1 12. Rxd1 Rb8 13. Bd2 a6 14. Bf1 b6 15. a4 Bb7 1/2-1/2